| 000 | 00367nam a2200145Ia 4500 | ||
|---|---|---|---|
| 008 | 150201s2004 xx 000 0 und d | ||
| 082 |
_a617.6 _bM2004G |
||
| 100 | _aGOYAL SANDEEP | ||
| 245 | _aMCQS IN DENTAL SCIENCES | ||
| 250 | _a1ST | ||
| 260 |
_bC.B.S PUBLISHERS & DISTRIBUTERS _aDELHI _c2004 |
||
| 300 | _a1-551 | ||
| 650 | _aGENERAL DENTISTRY | ||
| 942 |
_2ddc _cBK |
||
| 999 |
_c4505 _d4505 |
||